<?xml version='1.0' encoding='UTF-8'?><?xml-stylesheet href='static/style.xsl' type='text/xsl'?><OAI-PMH xmlns="http://www.openarchives.org/OAI/2.0/" xmlns:xsi="http://www.w3.org/2001/XMLSchema-instance" xsi:schemaLocation="http://www.openarchives.org/OAI/2.0/ http://www.openarchives.org/OAI/2.0/OAI-PMH.xsd"><responseDate>2026-04-14T14:41:57Z</responseDate><request verb="GetRecord" identifier="oai:ebiltegia.mondragon.edu:20.500.11984/1696" metadataPrefix="marc">https://ebiltegia.mondragon.edu/oai/request</request><GetRecord><record><header><identifier>oai:ebiltegia.mondragon.edu:20.500.11984/1696</identifier><datestamp>2024-03-04T11:07:35Z</datestamp><setSpec>com_20.500.11984_473</setSpec><setSpec>col_20.500.11984_476</setSpec></header><metadata><record xmlns="http://www.loc.gov/MARC21/slim" xmlns:dcterms="http://purl.org/dc/terms/" xmlns:xsi="http://www.w3.org/2001/XMLSchema-instance" xmlns:doc="http://www.lyncode.com/xoai" xsi:schemaLocation="http://www.loc.gov/MARC21/slim http://www.loc.gov/standards/marcxml/schema/MARC21slim.xsd">
   <leader>00925njm 22002777a 4500</leader>
   <datafield ind2=" " ind1=" " tag="042">
      <subfield code="a">dc</subfield>
   </datafield>
   <datafield ind2=" " ind1=" " tag="720">
      <subfield code="a">Egaña, Txema</subfield>
      <subfield code="e">author</subfield>
   </datafield>
   <datafield ind2=" " ind1=" " tag="260">
      <subfield code="c">2019</subfield>
   </datafield>
   <datafield ind2=" " ind1=" " tag="520">
      <subfield code="a">Azterketa honetan, Bigarren Hezkuntzako ikasle eta irakasleek ikasgelan informazio&#xd;
digitala bilatzeko, ebaluatzeko eta hautatzeko orduan erabiltzen dituzten diskurtsoa eta praktika alderatu nahi dira. Kasu-azterketa bat izanik, hainbat iturritako datuak triangelatu dira (eztabaida-taldeetakoak, eskoletakoak eta aurrez aurreko elkarrizketetakoak). Emaitzen arabera, ikasleek badute interesa&#xd;
ikasgelan Internetera konektatuta lan egiteko, baina zailtasunak dituzte bideo eta grafikoak interpretatzeko, eta ez dute kontuan hartzen nor diren testuen egileak. Bestalde, irakasleek ikusten dute beren&#xd;
rola zalantzan jartzen dela, eta uzkur jokatzen dute aldaketaren aurrean. Ondorioetan ikusiko dugunez,&#xd;
informazioa alfabetizatzeko didaktika bat behar da, ikasleen praktika eta interes errealetatik abiatuko&#xd;
dena. Horretarako, irakasleen rola eta sinesmenak aldatu behar dira</subfield>
   </datafield>
   <datafield ind2=" " ind1=" " tag="520">
      <subfield code="a">This study seeks to contrast the discourse and practice of students and secondary school&#xd;
teachers when searching, evaluating and selecting digital information in a secondary classroom. This&#xd;
is a case study that has used a multi-source data triangulation (discussion groups, class registration&#xd;
and self-report interviews). The results indicate the interest of the students to work connected to the internet in the classroom, although it is observed that it has difficulties in the interpretation of videos and&#xd;
graphics, and that it does not take into account the authorship of the text. On the other hand, teachers&#xd;
have questioned their role and show reluctance to change. The conclusions suggest that a didactic of&#xd;
informational literacy is necessary based on the real practices and interests of the students. For this, a&#xd;
change of role and beliefs of the teaching staff is required.</subfield>
   </datafield>
   <datafield ind1="8" ind2=" " tag="024">
      <subfield code="a">0214-9753</subfield>
   </datafield>
   <datafield ind1="8" ind2=" " tag="024">
      <subfield code="a">2444-3581</subfield>
   </datafield>
   <datafield ind1="8" ind2=" " tag="024">
      <subfield code="a">https://katalogoa.mondragon.edu/janium-bin/janium_login_opac.pl?find&amp;ficha_no=153450</subfield>
   </datafield>
   <datafield ind1="8" ind2=" " tag="024">
      <subfield code="a">https://hdl.handle.net/20.500.11984/1696</subfield>
   </datafield>
   <datafield tag="653" ind2=" " ind1=" ">
      <subfield code="a">Informazioa bilatzea</subfield>
   </datafield>
   <datafield tag="653" ind2=" " ind1=" ">
      <subfield code="a">Informazioa ebaluatzea</subfield>
   </datafield>
   <datafield tag="653" ind2=" " ind1=" ">
      <subfield code="a">IKTak</subfield>
   </datafield>
   <datafield tag="653" ind2=" " ind1=" ">
      <subfield code="a">Irakasleak</subfield>
   </datafield>
   <datafield tag="653" ind2=" " ind1=" ">
      <subfield code="a">Ikasleak</subfield>
   </datafield>
   <datafield tag="653" ind2=" " ind1=" ">
      <subfield code="a">Information search</subfield>
   </datafield>
   <datafield tag="653" ind2=" " ind1=" ">
      <subfield code="a">Information evaluation</subfield>
   </datafield>
   <datafield tag="653" ind2=" " ind1=" ">
      <subfield code="a">ICT</subfield>
   </datafield>
   <datafield tag="653" ind2=" " ind1=" ">
      <subfield code="a">Teachers</subfield>
   </datafield>
   <datafield tag="653" ind2=" " ind1=" ">
      <subfield code="a">Students</subfield>
   </datafield>
   <datafield ind2="0" ind1="0" tag="245">
      <subfield code="a">Bigarren Hezkuntzako ikasle eta irakasle talde baten diskurtsoa eta praktika informazio digitala bilatzeko, ebaluatzeko eta hautatzeko orduan</subfield>
   </datafield>
</record></metadata></record></GetRecord></OAI-PMH>